000 00934nam a22003137a 4500
001 001121
003 DO-SdBNP
005 20230221112752.0
007 001121
008 160811b 2006 sp||00| 0 spa d
020 _a8489384665
040 _aBPMSU
_bspa
_cBPMSU
082 4 _a782.7
_bP381f 2006
_222
100 1 _aPelegrín, Ana
245 1 3 _aLa flor de la maravilla :
_bjuegos romances retahílas /
_cAna Pelegrín ; edición Mariángeles Fernández.
250 _a2a ed.
260 _aMadrid :
_bFundación Germán Sánchez Ruipérez,
_c2006.
300 _a383 p. :
_bil.;
_c23 cm.
490 1 _aEl árbol de la memoria
500 _aIncluye índice analítico
590 _6Inventariado, 2023/VM
650 4 _a Canciones infantiles
650 4 _aJuegos infantiles
650 4 _aPoesía infantil
700 1 2 _aFernández, Mariángeles,
_eed.
910 _aVMateo V. Control de calidad
942 _2ddc
_cBK
945 _a
999 _c11149
_d11149